[Event "SVK-chT1W 2425"]
[Site "Slovakia"]
[Date "2024.11.17"]
[Round "2.6"]
[White "Matis, Tibor"]
[Black "Kalisky, Vladimir"]
[Result "0-1"]
[WhiteElo "1948"]
[BlackElo "2142"]
[PlyCount "108"]
[EventDate "2024.11.16"]
[EventType "team-tourn"]
[EventRounds "11"]
[EventCountry "SVK"]
[SourceTitle "CB51_2024"]
[SourceDate "2024.12.18"]
[SourceVersion "1"]
[SourceVersionDate "2024.12.18"]
[SourceQuality "1"]
[WhiteTeam "Dunajska Streda II"]
[BlackTeam "Levice"]
[WhiteTeamCountry "SVK"]
[BlackTeamCountry "SVK"]

1. e4 c5 2. Nf3 Nc6 3. d4 cxd4 4. Nxd4 Nf6 5. Nc3 g6 6. Bg5 Bg7 7. Nxc6 bxc6 8. Qd2 0-0 9. Bc4 Rb8 10. Bb3 d5 11. 0-0-0 Bb7 12. Rhe1 Qc7 13. exd5 cxd5 14. Bf4 Qd7 15. Bxb8 Rxb8 16. f3 e6 17. Qf4 Rc8 18. Ne4 Ne8 19. Kb1 Qe7 20. Nf2 Nd6 21. Qb4 Qc7 22. Nd3 a5 23. Qf4 Ba6 24. Ne5 Bb5 25. Nxf7 Nxf7 26. Qxc7 Rxc7 27. Rxe6 Bc4 28. Bxc4 dxc4 29. Re8+ Bf8 30. Rd5 Ra7 31. Rc8 Re7 32. a3 Ne5 33. f4 Ng4 34. Rdd8 Rf7 35. Rxc4 Ne3 36. Rc5 Nxg2 37. Rxa5 Nxf4 38. c4 Kg7 39. b4 Ne6 40. Rd2 Rf1+ 41. Kc2 Kh6 42. Ra6 Re1 43. Rb6 Bg7 44. Rbd6 Nf4 45. c5 Re3 46. Ra6 Rc3+ 47. Kd1 Be5 48. Rc2 Rd3+ 49. Rd2 Rc3 50. c6 Kg5 51. b5 Kf5 52. a4 Rc5 53. Ra7 Nd5 54. Rc2 Ne3+ 0-1

[Event "HUN-chT2 Breyer 2324"]
[Site "Hungary"]
[Date "2024.02.18"]
[Round "4.8"]
[White "Matis, Tibor"]
[Black "Geczi Zajzon, Kristof"]
[Result "0-1"]
[WhiteElo "1932"]
[BlackElo "1696"]
[PlyCount "58"]
[EventDate "2023.10.08"]
[EventType "team-tourn"]
[EventRounds "9"]
[EventCountry "HUN"]
[SourceTitle "EXT 2025"]
[Source "ChessBase"]
[SourceDate "2024.10.14"]
[SourceVersion "1"]
[SourceVersionDate "2024.10.14"]
[SourceQuality "1"]
[WhiteTeam "Tatabanya Turul"]
[BlackTeam "Budapest MTK II"]
[WhiteTeamCountry "HUN"]
[BlackTeamCountry "HUN"]

1. e4 c5 2. Nf3 d6 3. d4 cxd4 4. Nxd4 Nf6 5. Nc3 a6 6. Be2 e5 7. Nb3 Be6 8. 0-0 Be7 9. Be3 b5 10. Bf3 0-0 11. Qd2 Nbd7 12. h3 Nb6 13. Bxb6 Qxb6 14. Rfe1 Rac8 15. a4 b4 16. Nd5 Nxd5 17. exd5 Bf5 18. a5 Qc7 19. Rac1 h6 20. Qxb4 Bg5 21. Be2 Rb8 22. Qa3 Bxc1 23. Rxc1 Be4 24. c4 Qb7 25. Rc3 Qb4 26. Qa1 Rfc8 27. Nd2 Bf5 28. b3 Rc5 29. Rg3 Qxd2 0-1

[Event "HUN-chT2 Breyer 2223"]
[Site "Hungary"]
[Date "2022.10.30"]
[Round "2.8"]
[White "Matis, Tibor"]
[Black "Szendeff, Miklos"]
[Result "1/2-1/2"]
[WhiteElo "1895"]
[BlackElo "1684"]
[PlyCount "85"]
[EventDate "2022.10.16"]
[EventType "team-tourn"]
[EventRounds "11"]
[EventCountry "HUN"]
[SourceTitle "EXT 2025"]
[Source "ChessBase"]
[SourceDate "2024.10.14"]
[SourceVersion "1"]
[SourceVersionDate "2024.10.14"]
[SourceQuality "1"]
[WhiteTeam "Tatabanya"]
[BlackTeam "Zsambek"]
[WhiteTeamCountry "HUN"]
[BlackTeamCountry "HUN"]

1. e4 d5 2. exd5 Qxd5 3. Nc3 Qd6 4. d4 Nf6 5. Bd3 a6 6. Nge2 Bg4 7. f3 Bh5 8. Bf4 Qb6 9. Qd2 Nc6 10. g4 Bg6 11. Bxg6 hxg6 12. g5 0-0-0 13. 0-0-0 Nd5 14. Nxd5 Rxd5 15. c4 Rd8 16. Be3 e5 17. d5 Bc5 18. Bxc5 Qxc5 19. Qc3 Rh4 20. b3 Nd4 21. Nxd4 exd4 22. Qe1 Rdh8 23. Qg3 b5 24. Rd2 bxc4 25. bxc4 d3 26. f4 Qxc4+ 27. Kb1 Qxf4 28. Qxd3 Qe4 29. Qxe4 Rxe4 30. Rf1 Re7 31. Rdf2 Kd7 32. Rxf7 Rxh2 33. Rxe7+ Kxe7 34. Re1+ Kd6 35. Re6+ Kxd5 36. Rxg6 c6 37. Rxg7 Rg2 38. Ra7 Rxg5 39. Rxa6 Rg2 40. Ra4 c5 41. Rf4 c4 42. Rh4 Kc5 43. a3 1/2-1/2

[Event "SVK-ch Amateur"]
[Site "Topolcany"]
[Date "2020.07.12"]
[Round "5"]
[White "Matis, Tibor"]
[Black "Pniaczek, Marek"]
[Result "0-1"]
[WhiteElo "1942"]
[BlackElo "2102"]
[PlyCount "56"]
[EventDate "2020.07.10"]
[EventType "swiss"]
[EventRounds "7"]
[EventCountry "SVK"]
[SourceTitle "EXT 2021"]
[Source "ChessBase"]
[SourceDate "2020.10.23"]
[SourceVersion "1"]
[SourceVersionDate "2020.10.23"]
[SourceQuality "1"]

1. e4 c5 2. Nf3 e6 3. d4 cxd4 4. Nxd4 Nc6 5. c4 Nf6 6. Nc3 Bb4 7. Nxc6 bxc6 8. e5 Ne4 9. Bd2 Bxc3 10. Bxc3 Nxc3 11. bxc3 Qa5 12. Qd4 c5 13. Qd2 Bb7 14. f3 Bc6 15. Bd3 Rb8 16. 0-0 0-0 17. Rab1 Rbd8 18. Rfd1 f5 19. exf6 Rxf6 20. Qc2 Ba4 21. Bxh7+ Kf7 22. Qe4 Bxd1 23. Rxd1 Qxc3 24. h4 g6 25. h5 gxh5 26. Kh1 Kg7 27. Qb1 Qxc4 28. Qb2 Qh4+ 0-1

[Event "EU-chT U18 "]
[Site "Pardubice"]
[Date "2019.07.17"]
[Round "7.4"]
[White "Mica, Marek"]
[Black "Matis, Tibor"]
[Result "1-0"]
[WhiteElo "2222"]
[BlackElo "1862"]
[PlyCount "125"]
[EventDate "2019.07.11"]
[EventType "team-swiss"]
[EventRounds "7"]
[EventCountry "CZE"]
[SourceTitle "CBM 191 Extra"]
[Source "ChessBase"]
[SourceDate "2019.09.30"]
[SourceVersion "1"]
[SourceVersionDate "2019.09.30"]
[SourceQuality "1"]
[WhiteTeam "Czech Republic U18"]
[BlackTeam "Slovakia U18 II"]
[WhiteTeamCountry "CZE"]
[BlackTeamCountry "SVK"]

1. d4 Nf6 2. c4 c5 3. d5 e6 4. Nc3 exd5 5. cxd5 d6 6. Nf3 g6 7. Nd2 Bg7 8. e4 0-0 9. Be2 a6 10. a4 Re8 11. 0-0 Qc7 12. Re1 h5 13. h3 Nfd7 14. Bf1 Bd4 15. Nf3 Bg7 16. Bf4 Ne5 17. Nxe5 Rxe5 18. Bxe5 Bxe5 19. Qd2 Bd4 20. Ne2 Bg7 21. Rab1 Bd7 22. a5 Bb5 23. Nf4 Nd7 24. Rec1 Rc8 25. Bc4 Ne5 26. b3 Bh6 27. Rc2 Kh7 28. Kf1 Qd8 29. g3 Nf3 30. Qd3 Nd4 31. Ra2 Bd7 32. Kg2 Qf6 33. Ne2 Nxe2 34. Qxe2 h4 35. Qd3 Re8 36. b4 cxb4 37. Rxb4 Bc8 38. Re2 Bg7 39. Rb6 Qa1 40. Rxd6 Bxh3+ 41. Kxh3 Qh1+ 42. Kg4 hxg3 43. Kxg3 Be5+ 44. f4 Qg1+ 45. Rg2 Qe1+ 46. Kf3 Bxd6 47. e5 Bxe5 48. d6 Bxf4 49. Kxf4 Qh4+ 50. Kf3 Qh3+ 51. Rg3 Qh1+ 52. Kf2 Qh2+ 53. Kf1 Qh1+ 54. Rg1 Re1+ 55. Kxe1 Qxg1+ 56. Kd2 Qf2+ 57. Kd1 Qb2 58. d7 Qa1+ 59. Kc2 Qa4+ 60. Bb3 Qc6+ 61. Kb1 Qh1+ 62. Bd1 Qe1 63. d8Q 1-0

[Event "EU-chT U18 "]
[Site "Pardubice"]
[Date "2019.07.11"]
[Round "1.4"]
[White "Matis, Tibor"]
[Black "Morgunov, Marc"]
[Result "0-1"]
[WhiteElo "1862"]
[BlackElo "2314"]
[PlyCount "52"]
[EventDate "2019.07.11"]
[EventType "team-swiss"]
[EventRounds "7"]
[EventCountry "CZE"]
[SourceTitle "CBM 191 Extra"]
[Source "ChessBase"]
[SourceDate "2019.09.30"]
[SourceVersion "1"]
[SourceVersionDate "2019.09.30"]
[SourceQuality "1"]
[WhiteTeam "Slovakia U18 II"]
[BlackTeam "Austria U18"]
[WhiteTeamCountry "SVK"]
[BlackTeamCountry "AUT"]

1. e4 c5 2. Nf3 d6 3. d4 cxd4 4. Nxd4 Nf6 5. Nc3 a6 6. Be2 e5 7. Nf3 Be7 8. 0-0 0-0 9. Bg5 Be6 10. Bxf6 Bxf6 11. Nd5 Nd7 12. c4 Be7 13. Nd2 Bxd5 14. cxd5 g6 15. g4 Bg5 16. Bf3 Bf4 17. Bg2 Rc8 18. b3 b5 19. Rc1 Qa5 20. b4 Qxb4 21. Rxc8 Rxc8 22. Nb3 a5 23. g5 a4 24. Na1 Qb2 25. Bh3 Rc1 26. Qd3 Nc5 0-1

[Event "SVK-ch U16"]
[Site "Liptovsky Mikulas"]
[Date "2018.04.26"]
[Round "8"]
[White "Matis, Tibor"]
[Black "Verbovsky, Michal"]
[Result "0-1"]
[WhiteElo "1884"]
[BlackElo "1924"]
[PlyCount "104"]
[EventDate "2018.04.21"]
[EventType "swiss"]
[EventRounds "9"]
[EventCountry "SVK"]
[SourceTitle "CBM 184 Extra"]
[Source "ChessBase"]
[SourceDate "2018.06.28"]
[SourceVersion "1"]
[SourceVersionDate "2018.06.28"]
[SourceQuality "1"]

1. e4 c5 2. Nf3 Nc6 3. d4 cxd4 4. Nxd4 g6 5. Be3 Bg7 6. Be2 Nf6 7. Nc3 Qa5 8. Nb3 Qd8 9. 0-0 0-0 10. Qd2 d6 11. h3 Bd7 12. Bh6 Rc8 13. Bxg7 Kxg7 14. f4 Na5 15. e5 Ne8 16. Nxa5 Qxa5 17. Kh1 Bc6 18. Qe3 dxe5 19. fxe5 Qb6 20. Qxb6 axb6 21. Rad1 Nc7 22. Bc4 Na6 23. Rf4 e6 24. Rfd4 Rc7 25. Kg1 Rfc8 26. Bb3 Nc5 27. Kf2 Nd7 28. Re1 Ra8 29. Rd3 Ra5 30. Rde3 b5 31. g4 b4 32. Nb1 Bd5 33. c3 Bxb3 34. axb3 Ra2 35. R1e2 Rc5 36. Kf3 bxc3 37. Nxc3 Ra1 38. Re4 h5 39. g5 Rf1+ 40. Kg2 Rf5 41. h4 Rcxe5 42. Rd2 Rxe4 43. Nxe4 Rf4 44. Nd6 Nc5 45. Rc2 Ne4 46. Nxb7 Rxh4 47. Nd8 Rg4+ 48. Kh2 Nxg5 49. Nc6 Nf3+ 50. Kh3 Nd4 51. Nxd4 Rxd4 52. Rc3 g5 0-1